[Event "Back for more"]
[Site "http://www.queenalice.com/game.php?id=638408"]
[Date "2009.8.18"]
[Round "-"]
[White "manichino"]
[Black "GreatDarkSpot"]
[Result "1-0"]
[WhiteElo "1467"]
[BlackElo "1351"]

1. c4 e5 2. e4 c5 3. Nc3 d6 4. d3 b6 5. Nd5 Ne7 6. Bg5 h6 7. Be3 Nxd5 8. cxd5
Be7 9. g3 Bg5 10. f4 exf4 11. gxf4 Bh4+ 12. Kd2 f5 13. Qh5+ Kf8 14. exf5 Na6 15.
Nf3 Bf6 16. a3 Nc7 17. Bf2 Bxb2 18. Ra2 Bf6 19. Bg2 Bd7 20. Nh4 Bxh4 21. Bxh4
Qe8 22. Qg4 Bc6 23. Re1 Qf7 24. Re7 Qg8 25. Rxc7 Bxd5 26. Bxd5 Qxd5 27. Qxg7+
Ke8 28. Qe7# 1-0

[Event "AJ Too"]
[Site "http://www.queenalice.com/game.php?id=648431"]
[Date "2009.9.6"]
[Round "-"]
[White "scooter"]
[Black "manichino"]
[Result "0-1"]
[WhiteElo "1175"]
[BlackElo "1470"]

1. f3 e5 2. e4 d5 3. Be2 dxe4 4. fxe4 f5 5. exf5 Bxf5 6. d3 g6 7. Nh3 Qd5 8. O-O
Bc5+ 9. Kh1 Bxh3 10. Bg5 Qxg2# 0-1

[Event "Champs Revenge"]
[Site "http://www.queenalice.com/game.php?id=654911"]
[Date "2009.9.19"]
[Round "-"]
[White "champ"]
[Black "manichino"]
[Result "0-1"]
[WhiteElo "1235"]
[BlackElo "1463"]

1. d4 d5 2. c3 Nc6 3. e3 e5 4. dxe5 Nxe5 5. Nd2 Bg4 6. Qc2 b5 7. b4 a5 8. Ne4
Bf5 9. Nd2 Bxc2 10. Bxb5+ c6 11. Bxc6+ Nxc6 12. Ne2 Qg5 13. Nf4 Qg4 14. h3 Qd1#
0-1

[Event "Taking on the big boy"]
[Site "http://www.queenalice.com/game.php?id=658158"]
[Date "2009.9.26"]
[Round "-"]
[White "elche"]
[Black "manichino"]
[Result "1-0"]
[WhiteElo "1688"]
[BlackElo "1474"]

1. e4 e5 2. Nf3 d6 3. d4 Nd7 4. dxe5 Nxe5 5. Nxe5 dxe5 6. Nc3 c6 7. Bd3 Nf6 8.
Bg5 h6 9. Bh4 g5 10. Bg3 Bg4 11. f3 Bh5 12. Bxe5 Bg7 13. g4 Bg6 14. Bxf6 Bxf6
15. Qd2 O-O 16. O-O-O Qb6 17. Kb1 Rad8 18. Qe1 Rd4 19. e5 Rb4 20. b3 Be7 21.
Bxg6 fxg6 22. Rd3 Rd8 23. Rxd8+ Bxd8 24. e6 Kf8 25. Qe5 Be7 26. Qh8# 1-0

[Event "great game"]
[Site "http://www.queenalice.com/game.php?id=670659"]
[Date "2009.10.22"]
[Round "-"]
[White "manichino"]
[Black "scooter"]
[Result "1-0"]
[WhiteElo "1504"]
[BlackElo "1140"]

1. Nc3 Nf6 2. d4 d5 3. e3 e6 4. Nf3 Nc6 5. a3 a6 6. Bd3 Bd6 7. O-O Qe7 8. Ng5
Bd7 9. f3 O-O 10. f4 h6 11. Nh3 Rfb8 12. Ne2 Ra7 13. c3 g5 14. fxg5 hxg5 15.
Nxg5 Re8 16. Nf4 e5 17. Nxd5 Nxd5 18. Qh5 Rea8 19. Qh7+ Kf8 20. Rxf7+ Qxf7 21.
Qxf7# 1-0

[Event "Round too Mimir"]
[Site "http://www.queenalice.com/game.php?id=670660"]
[Date "2009.10.22"]
[Round "-"]
[White "manichino"]
[Black "champ"]
[Result "1-0"]
[WhiteElo "1506"]
[BlackElo "1240"]

1. Nf3 Nf6 2. d4 d5 3. c4 c5 4. dxc5 dxc4 5. Qa4+ Bd7 6. Qxc4 b5 7. Qb4 a6 8.
Qb3 e6 9. g3 Bxc5 10. Bg2 O-O 11. Ne5 Ra7 12. O-O Bd6 13. f4 Be8 14. Be3 Re7 15.
Nc3 h5 16. Ne4 Nfd7 17. Nxd6 f6 18. Nd3 a5 19. Qxb5 e5 20. Qd5+ Bf7 21. Nxf7 Qe8
22. Nfxe5+ Ref7 23. Nxf7 Na6 24. Qxh5 Rxf7 25. Qxa5 Nab8 26. Rac1 f5 27. Kf2 Kh7
28. Qa8 Qd8 29. Qb7 Rf8 30. Rc3 Nf6 31. Rfc1 Ne4+ 32. Bxe4 fxe4 33. Rc8 Qf6 34.
Rxb8 exd3 35. Rxf8 Qd6 36. Qe4+ Kh6 37. Rc6 Qxc6 38. Qxc6+ Kh7 39. f5 d2 40.
Qg6# 1-0

[Event "Back for More"]
[Site "http://www.queenalice.com/game.php?id=671234"]
[Date "2009.10.23"]
[Round "-"]
[White "manichino"]
[Black "elche"]
[Result "1-0"]
[WhiteElo "1478"]
[BlackElo "1717"]

1. e4 c5 2. c4 Nc6 3. f4 e6 4. Nf3 d6 5. Nc3 g6 6. e5 dxe5 7. fxe5 Bg7 8. Ne4
Bf8 9. d3 f5 10. Nc3 Bg7 11. Bf4 Nge7 12. Nb5 O-O 13. a3 Bd7 14. Nd6 b6 15. Be2
Nc8 16. Nxc8 Bxc8 17. O-O Bb7 18. h3 Nd4 19. Nxd4 Qxd4+ 20. Rf2 Bxe5 21. Bxe5
Qxe5 22. Bf1 Qd4 23. Qe2 e5 24. Re1 e4 25. Kh1 Rae8 26. Qe3 Qxd3 27. Bxd3 1-0

[Event "Challenge"]
[Site "http://www.queenalice.com/game.php?id=694784"]
[Date "2009.12.8"]
[Round "-"]
[White "extermination"]
[Black "manichino"]
[Result "0-1"]
[WhiteElo "1707"]
[BlackElo "1511"]

1. e4 e5 2. Nf3 d6 3. Nc3 f5 4. d3 h6 5. exf5 Bxf5 6. Be2 Nd7 7. Ne4 Ngf6 8.
Nfd2 d5 9. Ng3 Be6 10. Nb3 Nc5 11. Be3 Nxb3 12. cxb3 d4 13. Bd2 Bd6 14. Qc1 c6
15. h3 Qd7 16. O-O O-O-O 17. Ba5 b6 18. Bd2 Kb7 19. Bf3 Rc8 20. Re1 Kb8 21. Ne4
Nxe4 22. Bxe4 Rc7 23. a4 Bxb3 24. a5 b5 25. a6 b4 0-1

[Event "Scooters Challenge"]
[Site "http://www.queenalice.com/game.php?id=714109"]
[Date "2010.1.15"]
[Round "-"]
[White "scooter"]
[Black "manichino"]
[Result "0-1"]
[WhiteElo "1136"]
[BlackElo "1540"]

1. e4 e5 2. d3 Nf6 3. Nf3 c5 4. c4 Nc6 5. Na3 Be7 6. Be3 d6 7. Qd2 h6 8. O-O-O
Bd7 9. b3 Qb6 10. Be2 Ng4 11. h3 Nxe3 12. Qxe3 Nb4 13. d4 exd4 14. Qd2 Qa5 15.
Qe1 Qxa3+ 16. Kd2 Qxa2+ 17. Kc1 Qc2# 0-1

[Event "Challenge"]
[Site "http://www.queenalice.com/game.php?id=717863"]
[Date "2010.1.21"]
[Round "-"]
[White "babycrocket"]
[Black "manichino"]
[Result "1-0"]
[WhiteElo "1784"]
[BlackElo "1542"]

1. e4 e5 2. Nf3 d6 3. h3 Nf6 4. d3 Nc6 5. c3 h6 6. Be2 Be6 7. O-O Ng4 8. hxg4
Bxg4 9. Nh2 Be6 10. Re1 Qd7 11. Nd2 O-O-O 12. b4 b5 13. Bg4 a6 14. Bxe6 fxe6 15.
Ndf1 d5 16. Bb2 d4 17. cxd4 exd4 18. a3 e5 19. Rc1 Na7 20. Re2 c6 21. Rec2 Kb7
22. Nd2 Rc8 23. Nb3 Kb6 24. Qh5 Qd6 25. Qf7 Rc7 26. Qf5 g6 27. Qf3 Be7 28. Qg3
g5 29. Nxd4 Bf6 30. Nf5 Qd7 31. Bxe5 Bxe5 32. Qxe5 Re8 33. Qc5+ Kb7 34. Nd6+ Kb8
35. Nxe8 Qxe8 36. Ng4 Qe6 37. Ne3 Qd7 38. d4 Kb7 39. Nf5 Nc8 40. Nxh6 Nd6 41. d5
cxd5 42. Qxc7+ Qxc7 43. Rxc7+ Kb8 44. exd5 1-0

[Event "fire"]
[Site "http://www.queenalice.com/game.php?id=739420"]
[Date "2010.3.1"]
[Round "-"]
[White "champ"]
[Black "manichino"]
[Result "0-1"]
[WhiteElo "1251"]
[BlackElo "1535"]

1. d4 d5 2. e3 f5 3. f4 Nf6 4. Qh5+ Nxh5 5. Nh3 h6 6. g3 Nf6 7. Bb5+ c6 8. Ba4
b5 9. Bb3 a5 10. Bd2 a4 11. Bxd5 Qxd5 12. c3 Qxh1+ 13. Ke2 Qxh2+ 14. Nf2 Qxg3
15. Nd1 Ne4 16. Na3 Qf2+ 17. Kd3 Qxd2# 0-1

[Event "BLAKE  10 "]
[Site "http://www.queenalice.com/game.php?id=764129"]
[Date "2010.4.21"]
[Round "-"]
[White "champ"]
[Black "manichino"]
[Result "0-1"]
[WhiteElo "1255"]
[BlackElo "1538"]

1. d3 d5 2. d4 f6 3. e3 e5 4. c3 e4 5. Qa4+ Bd7 6. Qc2 f5 7. b3 Nf6 8. Qe2 Bd6
9. Bb2 O-O 10. Nd2 f4 11. exf4 Bxf4 12. O-O-O Qe8 13. Qe1 a6 14. a3 b6 15. Kb1
c5 16. Rc1 Nc6 17. Qd1 Ng4 18. a4 Nxf2 19. Qe1 Nxh1 20. Bb5 axb5 21. Ne2 Nf2 22.
Qf1 Bxd2 23. Rd1 Be3 24. h4 Ng4 25. a5 Rxf1 26. Rxf1 Nxa5 27. b4 Nb3 28. Kc2 Nd2
29. Rd1 Nc4 30. Rf1 Ra2 31. Ra1 Rxb2+ 32. Kd1 Qf8 33. Ng3 Qf2 34. Nh5 Qg1# 0-1

[Event "Play your Best."]
[Site "http://www.queenalice.com/game.php?id=780399"]
[Date "2010.5.25"]
[Round "-"]
[White "Matach"]
[Black "manichino"]
[Result "0-1"]
[WhiteElo "1012"]
[BlackElo "1536"]

1. d4 d5 2. Nc3 c6 3. Nh3 f6 4. Nf4 g5 5. Nd3 b6 6. e3 h5 7. Be2 Qc7 8. g3 Bg4
9. f3 Be6 10. Rg1 h4 11. f4 g4 12. Rh1 f5 13. Nf2 Nh6 14. h3 hxg3 15. hxg4 gxf2+
16. Kxf2 Nxg4+ 17. Kf3 Rxh1 18. Qxh1 Nd7 19. Bd2 O-O-O 20. Rg1 Ndf6 21. Ba6+ Kb8
22. Rg3 Bg7 23. Rh3 b5 24. Qc1 Qb6 25. a3 Qxa6 26. Rg3 Rh8 27. Ne2 Qc8 28. Ng1
Rh2 29. Be1 Qh8 30. Qd1 Rh1 31. Nh3 Ne4 32. Ke2 Rxh3 33. Rxh3 Qxh3 34. Qd3 Qg2+
35. Kd1 Ngf2+ 36. Ke2 Nxd3+ 37. Kxd3 Qf1# 0-1

[Event "0-1"]
[Site "http://www.queenalice.com/game.php?id=801117"]
[Date "2010.7.10"]
[Round "-"]
[White "manichino"]
[Black "Matach"]
[Result "1-0"]
[WhiteElo "1543"]
[BlackElo "1012"]

1. f4 e6 2. c4 Bd6 3. g3 Nf6 4. Nc3 b6 5. Nf3 Nc6 6. d4 Ba6 7. e3 Ne7 8. Bd3 Bb7
9. O-O c5 10. Nb5 Nc8 11. Nxd6+ Nxd6 12. Ne5 Rf8 13. g4 a5 14. a4 Ra6 15. g5 Rg8
16. gxf6 gxf6+ 17. Ng4 f5 18. Kf2 Qh4+ 19. Ke2 Rxg4 20. Kd2 Qh3 21. Kc3 Rg3 22.
Rf2 Rg2 23. Rxg2 Bxg2 24. Kb3 Qxe3 25. Bxe3 Bh3 26. Bf2 Ra8 27. Bh4 Kf8 28. Qh5
f6 29. Qxh7 Re8 30. Bxf6 e5 31. Qg7# 1-0

[Event "0-2"]
[Site "http://www.queenalice.com/game.php?id=806684"]
[Date "2010.7.22"]
[Round "-"]
[White "manichino"]
[Black "Matach"]
[Result "1-0"]
[WhiteElo "1545"]
[BlackElo "1015"]

1. c4 e5 2. e4 d6 3. Nc3 Nf6 4. g3 Nc6 5. f4 Bg4 6. Be2 h5 7. h3 Bxe2 8. Qxe2
Nd4 9. Qd3 c5 10. fxe5 dxe5 11. Nf3 Qd7 12. Nxe5 Qd6 13. Nxf7 Kxf7 14. b3 Qxg3+
15. Qxg3 Nc2+ 16. Kd1 Nxa1 17. Qc7+ Be7 18. Ba3 Ne8 19. Qxb7 Rd8 20. Bxc5 Nd6
21. Qxa7 Rhe8 22. e5 Nc8 23. Qc7 Kf8 24. Nd5 Bxc5 25. Qxc5+ Ne7 26. Qd4 Rd7 27.
Rg1 Nf5 28. Qxa1 Nh4 29. Kc2 Rf7 30. a4 Nf3 31. Rg2 Nh4 32. Rg5 g6 33. Nf6 Re6
34. a5 Nf3 35. Rxg6 Rxe5 36. Rg8+ Ke7 37. Nd5+ Ke6 38. a6 Re2 39. Re8+ Kf5 40.
Rxe2 Ng5 41. a7 h4 42. Qe5+ Kg6 43. a8=Q Rf5 44. Qg8+ Kh6 45. Qeh8+ Nh7 46.
Qhxh7# 1-0

[Event "U2 42"]
[Site "http://www.queenalice.com/game.php?id=808883"]
[Date "2010.7.26"]
[Round "-"]
[White "champ"]
[Black "manichino"]
[Result "0-1"]
[WhiteElo "1221"]
[BlackElo "1547"]

1. d4 d5 2. c3 f5 3. f4 Nf6 4. e3 e6 5. g3 Be7 6. Nd2 O-O 7. Ne2 Qe8 8. a3 Ng4
9. h3 Nxe3 10. Qb3 Qh5 11. g4 Bh4+ 12. Ng3 Bxg3+ 13. Ke2 Qh4 14. Nf3 Qh6 15. Ng5
Bxf4 16. Nf3 b6 17. h4 Nxg4 18. Bh3 Bxc1 19. Raxc1 Qe3+ 20. Kf1 Qxf3+ 21. Ke1
Qxh1+ 22. Kd2 Qxh3 23. Qc2 Qxh4 24. b3 f4 25. Rf1 Ne3 26. Qc1 Ba6 27. Rd1 Qf2#
0-1

[Event "0-3"]
[Site "http://www.queenalice.com/game.php?id=826790"]
[Date "2010.9.2"]
[Round "-"]
[White "manichino"]
[Black "Matach"]
[Result "1-0"]
[WhiteElo "1550"]
[BlackElo "1063"]

1. f4 f5 2. d4 d6 3. d5 Nf6 4. e3 c6 5. c4 cxd5 6. cxd5 g6 7. Nf3 h6 8. Bd3 Nxd5
9. Qa4+ Bd7 10. Qd4 Qc7 11. O-O e6 12. Qxh8 Kf7 13. Bd2 Nf6 14. Rc1 Nc6 15. Bc3
e5 16. fxe5 dxe5 17. Ng5+ Ke7 18. Nd2 Qb6 19. Re1 Rc8 20. Nh7 Nd8 21. Qxf8+ Ke6
22. Qxf6+ Kd5 23. Qxe5+ Kc6 24. Nc4 Nf7 25. Qe7 Qc7 26. Qxf7 g5 27. e4 f4 28.
Qd5# 1-0

[Event "Making Dad work hard for a win."]
[Site "http://www.queenalice.com/game.php?id=829994"]
[Date "2010.9.9"]
[Round "-"]
[White "manichino"]
[Black "champ"]
[Result "1-0"]
[WhiteElo "1552"]
[BlackElo "1228"]

1. c4 c5 2. f4 f5 3. Nc3 Nc6 4. Nf3 Nf6 5. g3 g6 6. Bg2 b6 7. O-O Bg7 8. d3 Bb7
9. e3 e6 10. d4 Qe7 11. Ne5 Nxe5 12. Bxb7 Rb8 13. Bg2 O-O 14. fxe5 Ne8 15. Nb5
a6 16. Nc3 a5 17. Nb5 Rc8 18. Na7 Ra8 19. Nb5 Qf7 20. a4 d6 21. exd6 Rd8 22. d5
exd5 23. cxd5 Nxd6 24. Nxd6 Qd7 25. Nb5 Qxd5 26. Bxd5+ Kh8 27. Ra3 Ra8 28. Bxa8
Rxa8 29. Rd3 Rg8 30. Nd6 Rd8 31. Nf7+ Kg8 32. Nxd8 h6 33. Ne6 g5 34. Rd7 g4 35.
Rxg7+ Kh8 36. Qd8# 1-0

[Event "Challenge"]
[Site "http://www.queenalice.com/game.php?id=831369"]
[Date "2010.9.11"]
[Round "-"]
[White "champ"]
[Black "manichino"]
[Result "0-1"]
[WhiteElo "1225"]
[BlackElo "1555"]

1. e4 e5 2. c4 c5 3. Nc3 Nc6 4. Nf3 d6 5. d3 f5 6. exf5 Bxf5 7. Be2 Qd7 8. Bd2
O-O-O 9. Qc2 Nf6 10. O-O d5 11. Rad1 Bd6 12. Rde1 Ng4 13. h3 Nf6 14. Ra1 Nb4 15.
Na4 Nxc2 16. Rfc1 Nxa1 17. Rxa1 Qxa4 18. b3 Qa3 19. Bc1 Qa6 20. g3 Bxh3 21. Ng5
Bf5 22. Nf7 Rhf8 23. Nxd6+ Rxd6 24. Bg5 Nd7 25. Be7 Rf7 26. Bh5 Rxe7 27. a4 Nf6
28. Bd1 Bxd3 29. Rc1 Rf7 30. a5 Qxa5 31. b4 Qxb4 32. g4 Qd2 33. Ra1 dxc4 34.
Rxa7 Qxd1+ 35. Kg2 Be4+ 36. Kh2 Qh1+ 37. Kg3 Qg2+ 38. Kh4 Qxg4# 0-1

[Event "0-4"]
[Site "http://www.queenalice.com/game.php?id=839722"]
[Date "2010.9.29"]
[Round "-"]
[White "manichino"]
[Black "Matach"]
[Result "1-0"]
[WhiteElo "1558"]
[BlackElo "1043"]

1. c4 e5 2. e4 c5 3. Nc3 b6 4. d3 Nf6 5. f4 d6 6. fxe5 dxe5 7. Be3 Nc6 8. Qe2
Rb8 9. O-O-O Bg4 10. Nf3 b5 11. h3 Bh5 12. cxb5 Nb4 13. b3 Qd7 14. a4 Bd6 15.
Qf2 O-O 16. Be2 Qc7 17. g4 Bxg4 18. hxg4 Nxg4 19. Qh4 h6 20. Qxg4 Qe7 21. Rdg1
Rbd8 22. Qxg7# 1-0

[Event "Challenge"]
[Site "http://www.queenalice.com/game.php?id=903455"]
[Date "2011.2.21"]
[Round "-"]
[White "manichino"]
[Black "cass"]
[Result "1-0"]
[WhiteElo "1562"]
[BlackElo "1573"]

1. d4 g6 2. e4 d5 3. e5 e6 4. f4 f5 5. Nf3 Nc6 6. c3 Bd7 7. Be3 Nh6 8. h3 Na5 9.
Nbd2 Bc6 10. Bd3 Qd7 11. Qc2 O-O-O 12. O-O Kb8 13. b4 Ba4 14. Qb2 Nc4 15. Nxc4
dxc4 16. Bxc4 Qc6 17. Be2 b6 18. Bf2 Qb7 19. b5 1-0

[Event "Challenge"]
[Site "http://www.queenalice.com/game.php?id=908323"]
[Date "2011.3.4"]
[Round "-"]
[White "PeaceKnight"]
[Black "manichino"]
[Result "0-1"]
[WhiteElo "1874"]
[BlackElo "1607"]

1. e4 e5 2. Bc4 Nf6 3. Nf3 Qe7 4. Nc3 c6 5. d3 h6 6. O-O d6 7. h3 a6 8. a4 Nbd7
9. Be3 b6 10. b4 Bb7 11. b5 c5 12. bxa6 Bxa6 13. Bxa6 Rxa6 14. Nb5 Nb8 15. c4
Nc6 16. Bd2 Qb7 17. Qb3 Be7 18. a5 O-O 19. axb6 Qxb6 0-1

[Event "Challenge"]
[Site "http://www.queenalice.com/game.php?id=908325"]
[Date "2011.3.4"]
[Round "-"]
[White "manichino"]
[Black "PeaceKnight"]
[Result "1-0"]
[WhiteElo "1578"]
[BlackElo "1915"]

1. d4 d5 2. e3 Nf6 3. Bd3 Nc6 4. c3 a6 5. f3 h5 6. h4 g6 7. a4 e5 8. Nd2 Bd6 9.
Ne2 Be6 10. b3 O-O 11. Bb2 exd4 12. exd4 Qe7 13. Qc2 Kh7 14. O-O-O Ba3 15. Nb1
Bxb2+ 16. Qxb2 1-0

[Event "Challenge"]
[Site "http://www.queenalice.com/game.php?id=943028"]
[Date "2011.5.27"]
[Round "-"]
[White "CapitanFerrini"]
[Black "manichino"]
[Result "1-0"]
[WhiteElo "1890"]
[BlackElo "1634"]

1. e4 e5 2. Nf3 f6 3. Nxe5 fxe5 4. Qh5+ g6 5. Qxe5+ Ne7 6. Qxh8 h6 7. Bc4 d5 8.
exd5 Nxd5 9. Qe5+ Qe7 10. Qxe7+ Nxe7 11. Nc3 c6 12. O-O Bf5 13. d3 g5 14. f4 g4
15. Ne4 Bxe4 16. dxe4 Nd7 17. Bd2 O-O-O 18. Be3 a6 19. b4 Ng6 20. Bf7 Nh8 21.
Be6 Re8 22. f5 Bxb4 23. Rad1 Re7 24. Rxd7 1-0